MARC

LEADER 00000nam0a2200000 4500
001 63125
005 20231031064056.0
010 |a 5935861828 
029 0 0 |a RU  |b 06-329-99  |c РД 
035 |a (RuTPU)RU\TPU\book\66969 
090 |a 63125 
100 |a 20040429d2003 k y0rusy50 ca 
101 0 |a rus 
102 |a RU 
105 |a a l 000zy 
200 1 |a Инструкция по безопасному ведению горных работ на рудных и нерудных месторождениях, объектах строительства подземных сооружений, склонных и опасных по горным ударам  |e РД 06-329-99  |f Госгортехнадзор России 
205 |a 2-е изд. 
210 |a Москва  |c Госгортехнадзор России  |d 2003 
215 |a 82 с.  |c ил. 
225 1 |a Серия 06. Нормативные документы по безопасности, надзорной и разрешительной деятельности в горнорудной промышленности  |v Вып. 1 
229 |a Утв. постановлением Госгортехнадзора России № 86 от 24.11.99 
610 1 |a горное дело 
610 1 |a горные работы 
610 1 |a безопасность 
610 1 |a горные удары 
610 1 |a опасность 
610 1 |a прогноз 
610 1 |a предотвращение 
610 1 |a инструкции 
610 1 |a РД 06-329-99 
675 |a 622.831.325(083.133)  |v 3 
712 0 1 |a Российская Федерация  |b Федеральный горный и промышленный надзор России (Госгортехнадзор России)  |c (1992-2004)  |2 stltpush  |3 (RuTPU)RU\TPU\col\7022 
801 1 |a RU  |b 63413507  |c 20040429  |g PSBO 
801 2 |a RU  |b 63413507  |c 20221205  |g PSBO 
942 |c BK